Name Chains #1 – 9+ in a row - Statistics

General Stats
  • This quiz has been taken 79 times
    61 since last reset
  • The average score is 15 of 68
Answer Stats
Hint Answer % Correct
Elton J{ohn}
98%
O{mar}
77%
T{aylor}
67%
C{raig}
62%
J{ames}
58%
J{ames}
58%
J{ames}
58%
M{arvin}
56%
Khalid Sheikh M{ohammed}
54%
R{ussell}
50%
J{ay}
48%
M{artin}
46%
L{ee}
44%
L{ee}
44%
D{ean}
42%
D{avid}
40%
P{aul}
33%
M{ichael}
31%
J{ackson}
29%
G{eorge}
27%
Ava M{ax}
27%
O{wen}
27%
S{ean}
27%
C{hristopher}
25%
H{enry}
25%
B{ruce}
23%
R{obert}
23%
W{ilson}
21%
A{ustin}
19%
R{ichard}
17%
B{enjamin}
15%
B{ertrand}
13%
C{laude}
13%
H{arrison}
13%
K{elly}
13%
K{elly}
13%
C{laus}
12%
F{ord}
12%
V{ictor}
12%
B{lake}
10%
E{lizabeth}
10%
H{ugo}
10%
P{atrick}
10%
R{yan}
10%
S{hu}
10%
S{helton}
8%
A{rthur}
6%
B{radley}
6%
B{rook}
6%
Edward M{aya}
6%
W{ang}
6%
W{arren}
6%
Florian A{lbert}
4%
B{aldwin]
4%
J{osef}
4%
M{arcus}
4%
R{udolph}
4%
S{tanley}
4%
A{urelius}
2%
C{hester}
2%
E{rnst}
2%
S{hannon}
2%
T{racy}
2%
A{bbe}
0%
H{ailey}
0%
P{ierre}
0%
S{pencer}
0%
S{tefan}
0%
No matching quizzes found
Score Distribution
Percent of People with Each Score
Percentile by Number Answered
Your Score History
You have not taken this quiz since the last reset